| 000 | 00464nam a22001817a 4500 | ||
|---|---|---|---|
| 005 | 20200517114606.0 | ||
| 008 | 200517b xxu||||| |||| 00| 0 eng d | ||
| 020 | _a9788123918150 | ||
| 041 | _aeng | ||
| 082 | _a615 GHO | ||
| 100 |
_aGHOSH BIJAYA _95379 |
||
| 245 | _aBasic Concepts in pharmaceutical Research | ||
| 250 | _a1st | ||
| 260 |
_aNew Delhi _bC.B S Publishers and Distributors _c2019 |
||
| 300 | _a214, xii | ||
| 650 |
_aPHARMACY _95380 |
||
| 942 | _cBK | ||
| 999 |
_c6204 _d6202 |
||